000 00945nam a2200289Ia 4500
003 OSt
005 20221007125550.0
006 a|||||r|||| 00| 0
007 ta
008 221006b |||||||| |||| 00| 0 eng d
020 _a1891389335 (hbd)
_cRs.2334.42
024 _a16279
037 _b105, 05/08/2005, Ashutosh Technical Books
_cTextual
040 _aCDL
_cCDL
_beng
041 _2eng
_aeng
082 _aE:2, P5 Carc
100 _aChang Raymond
_9654613
245 0 _aPhysical chemistry for the biosciences
260 _aSausalito
_bUniversity Science Books
_c2005
300 _axiii, 677p.
_ccm.
500 _aAppendix 1-2, 639-654p.; Glossary 655-664p.; Index 669-677p.
650 _a Biosciences
_9722130
650 _a Physical chemistry
_9192709
650 _aChemistry
942 _hE:2, P5 Carc
_cTEXL
_2CC
999 _c1215506
_d1215506